[Event "Stay Safe Play From Home 173"]
[Site "T#646330Emanuel Laske"]
[Date "2020.05.25"]
[Round "9"]
[White "Don59as"]
[Black "Lamborghini"]
[Result "0-1"]
[WhiteElo "2008"]
[BlackElo "2191"]
[Annotator "NA"]
[PlyCount "78"]
[EventDate "2020.05.25"]
[EventType "swiss (blitz)"]

1. c4 {[%emt 0:00:01]} g6 {[%emt 0:00:01]} 2. Nc3 {[%emt 0:00:01]} Bg7 {[%emt 0:00:00]} 3. g3 {[%emt 0:00:00]} c5 {[%emt 0:00:00]} 4. Bg2 {[%emt 0:00:00]} Nc6 {[%emt 0:00:00]} 5. e3 {[%emt 0:00:00]} d6 {[%emt 0:00:00]} 6. Nge2 {[%emt 0:00:00]} Bd7 {[%emt 0:00:00]} 7. O-O {[%emt 0:00:00]} Qc8 {[%emt 0:00:00]} 8. Nf4 {[%emt 0:00:01]} Nf6 {[%emt 0:00:01]} 9. b3 {[%emt 0:00:01]} O-O {[%emt 0:00:01]} 10. Bb2 {[%emt 0:00:01]} a6 {[%emt 0:00:01]} 11. Rb1 {[%emt 0:00:02]} Rb8 {[%emt 0:00:01]} 12. Ncd5 {[%emt 0:00:01]} Nxd5 {[%emt 0:00:04]} 13. Nxd5 {[%emt 0:00:01]} Bxb2 {[%emt 0:00:02]} 14. Rxb2 {[%emt 0:00:01]} Be6 {[%emt 0:00:01]} 15. d4 {[%emt 0:00:03]} cxd4 {[%emt 0:00:01]} 16. exd4 {[%emt 0:00:02]} Bxd5 {[%emt 0:00:01]} 17. Bxd5 {[%emt 0:00:01]} Qd7 {[%emt 0:00:01]} 18. Bg2 {[%emt 0:00:02]} Rfc8 {[%emt 0:00:01]} 19. d5 {[%emt 0:00:01]} Nd8 {[%emt 0:00:01]} 20. Qd4 {[%emt 0:00:02]} b5 {[%emt 0:00:01]} 21. cxb5 {[%emt 0:00:01]} axb5 {[%emt 0:00:01]} 22. Re1 {[%emt 0:00:01]} Rc5 {[%emt 0:00:01]} 23. Rbe2 {[%emt 0:00:01]} e5 {[%emt 0:00:04]} 24. dxe6 {[%emt 0:00:01]} Nxe6 {[%emt 0:00:01]} 25. Qf6 {[%emt 0:00:02]} Qd8 {[%emt 0:00:02]} 26. Rxe6 {[%emt 0:00:03]} fxe6 {[%emt 0:00:01]} 27. Qxe6+ {[%emt 0:00:01]} Kh8 {[%emt 0:00:01]} 28. Rd1 {[%emt 0:00:03]} Rbc8 {[%emt 0:00:01]} 29. Rxd6 {[%emt 0:00:03]} Rc1+ {[%emt 0:00:02]} 30. Bf1 {[%emt 0:00:01]} Qf8 {[%emt 0:00:01]} 31. Rd7 {[%emt 0:00:03]} Re8 {[%emt 0:00:01]} 32. Qd5 {[%emt 0:00:07]} Qf6 {[%emt 0:00:01]} 33. Rf7 {[%emt 0:00:03]} Qa1 {[%emt 0:00:01]} 34. Qd3 {[%emt 0:00:04]} b4 {[%emt 0:00:02]} 35. Kg2 {[%emt 0:00:02]} Qc3 {[%emt 0:00:02]} 36. Qd7 {[%emt 0:00:01]} Qc6+ {[%emt 0:00:04]} 37. Qxc6 {[%emt 0:00:02]} Rxc6 {[%emt 0:00:00]} 38. Bc4 {[%emt 0:00:01]} Rd6 {[%emt 0:00:01]} 39. Rf3 {[%emt 0:00:00] .} h5 {[%emt 0:00:01]} 0-1

[Event "Stay Safe Play From Home 173"]
[Site "T#646330Emanuel Laske"]
[Date "2020.05.25"]
[Round "9"]
[White "The Next Contender"]
[Black "Majstor-resa"]
[Result "0-1"]
[WhiteElo "1920"]
[BlackElo "1617"]
[Annotator "TA"]
[PlyCount "30"]
[EventDate "2020.05.25"]
[EventType "swiss (blitz)"]

{[%evp 9,30,-35,0,-35,-26,-95,9,-11,61,-58,-95,-321,-191,-618,-594,-774,-756,-1187,-931,-29994,-29995,-29995,-29996]} 1. d4 d5 2. c4 Nf6 3. g3 Bg4 {[#]} 4. cxd5 $146 ({Predecessor:} 4. Bg2 e6 5. Nf3 Bb4+ 6. Bd2 Nc6 7. O-O O-O 8. Ne5 Bxd2 9. Nxd2 Nxd4 10. Nxg4 Nxg4 11. e4 Nf6 12. Nb3 Nxb3 13. Qxb3 dxc4 14. Qxb7 {0-1 (30) Bueno,P-Przygoda,K Balneario Camboriu 2011}) 4... Qxd5 5. Nf3 Nc6 (5... Bxf3 $5 6. exf3 Nc6 $11) 6. Bg2 {D06: Queen's Gambit: Symmetrical and Baltic Defences.} (6. Nc3 $5 {[%cal Rc3d5]} Qa5 {[#]} 7. Ne5 $1 $11 {[%mdl 512]}) 6... O-O-O 7. e3 (7. O-O $11 {remains equal.}) 7... e6 (7... e5 $17 8. h3 Bxf3 9. Bxf3 Qa5+ 10. Bd2 Qb6) 8. O-O {The position is equal.} Bd6 (8... e5 $11 9. Nc3 Qc4) 9. Nc3 (9. h3 $14 Bh5 10. Qe2) 9... Qh5 $1 $15 10. h4 $2 {Now White is beyond hope.} (10. h3 $17 Bxh3 11. Bxh3 Qxh3 12. Ng5 {[%mdl 64] Double Attack}) 10... h6 (10... Bb4 $142 {aiming for ...Bxc3.} 11. Bd2 e5) 11. b3 $2 (11. e4) 11... g5 $19 12. Bb2 gxh4 13. gxh4 Rhg8 {[#] ( -> ...Bxf3)} 14. Nb5 Bxf3 15. Nxd6+ Rxd6 {Accuracy: White = 10%, Black = 45%.} 0-1

[Event "Stay Safe Play From Home 173"]
[Site "T#646330Emanuel Laske"]
[Date "2020.05.25"]
[Round "9"]
[White "SecantFX"]
[Black "Mepe_Nika"]
[Result "0-1"]
[WhiteElo "1893"]
[BlackElo "2256"]
[Annotator "TA"]
[PlyCount "100"]
[EventDate "2020.05.25"]
[EventType "swiss (blitz)"]

{[%evp 9,99,-5,6,-128,-143,-434,-416,-421,-425,-416,-323,-336,-198,-184,-201,-645,-626,-1002,-997,-966,-1063,-1039,-1007,-990,-817,-1130,-1104,-1094,-727,-1672,-857,-767,-587,-1421,-983,-948,-868,-828,-720,-720,-719,-894,-887,-865,-867,-835,-745,-828,-795,-789,-784,-972,-957,-935,-906,-29978,-29979,-29978,-5847,-5714,-5714,-5269,-2920,-29967,-29966,-29982,-29983,-29982,-29983,-29984,-29985,-29985,-29986,-29988,-29989,-29989,-29990,-29991,-29991,-29991,-29992,-29992,-29993,-29993,-29994,-29995,-29995,-29996,-29995,-29995,-29995,-29999]} 1. g3 h5 2. Bg2 h4 3. f4 d5 {[#]} 4. e3 $146 ({Predecessor:} 4. c4 dxc4 5. Qa4+ c6 6. Qxc4 Be6 7. Qb4 Qc7 8. Qa4 Na6 9. Nf3 hxg3 10. hxg3 Rxh1+ 11. Bxh1 {½-½ (45) Loeschnauer,R (2481)-Egoshin,G (2406) ICCF email 2016}) 4... h3 5. Bf3 Nc6 6. g4 {A00: Irregular Openings.} (6. Nc3 $11) 6... e5 $17 7. f5 $2 {[%mdl 8192] [#]} (7. Nc3 $17) 7... Qh4+ $19 8. Kf1 {Black is winning.} e4 9. Be2 Nf6 10. Qe1 Qg5 (10... Nxg4 $142 11. Qxh4 Rxh4 12. Bxg4 Rxg4) 11. Qg3 Bd6 12. Qf2 $2 (12. Nxh3 Bxg3 13. Nxg5) 12... Ne5 13. Nc3 Nexg4 14. Bxg4 Nxg4 15. Qe2 Qxf5+ 16. Ke1 Be6 17. Nd1 O-O-O 18. d4 Be7 19. Nf2 Bh4 20. Ngxh3 Qf3 21. Rf1 Nxh2 22. Qxf3 Nxf3+ 23. Ke2 Bxf2 24. Nxf2 Rh2 25. Rh1 Rdh8 26. Rxh2 Rxh2 27. Bd2 Bg4 28. Be1 Nxe1+ 29. Kxe1 {[%mdl 4096] Endgame KRB-KRN} Bf3 30. Rc1 g5 31. c4 g4 32. cxd5 g3 33. Rc2 gxf2+ (33... g2 $142 34. Nh3 Rxh3 35. Rxg2 Bxg2 36. Kd2 Bf3 37. Kc3 f5 38. d6 cxd6 39. Kb4 {[#]} f4 $1 {[%mdl 512]} 40. Kc4 fxe3 41. Kd5 Rh6 42. Kc4 e2 43. Kb3 e1=Q 44. Ka4 d5 45. b4 Qc3 46. Kb5 Qc6+ 47. Ka5 Qa6#) 34. Rxf2 Rxf2 35. Kxf2 {KB-KP} Kd7 36. b4 Kd6 {Black mates.} 37. a4 Kxd5 38. b5 Kc4 39. Kg3 Kb4 40. b6 axb6 41. a5 bxa5 {KB-KPP} 42. Kf4 a4 43. d5 a3 44. d6 cxd6 {KB-KP} 45. Kf5 a2 46. Kf6 a1=Q+ 47. Kxf7 Qe5 48. Kg6 d5 49. Kf7 Qd6 50. Ke8 Bh5# {White did not feel at home in the position after the opening. Accuracy: White = 32%, Black = 59%.} 0-1

[Event "Stay Safe Play From Home 173"]
[Site "T#646330Emanuel Laske"]
[Date "2020.05.25"]
[Round "9"]
[White "Lucknow"]
[Black "matanant"]
[Result "1-0"]
[WhiteElo "1882"]
[BlackElo "1649"]
[Annotator "NA RC"]
[PlyCount "65"]
[EventDate "2020.05.25"]
[EventType "swiss (blitz)"]

1. d4 {[%emt 0:00:01]} e6 {[%emt 0:00:02]} 2. c4 {[%emt 0:00:00]} f5 {[%emt 0:00:00]} 3. g3 {[%emt 0:00:01]} Nf6 {[%emt 0:00:00]} 4. Bg2 {[%emt 0:00:01]} Bb4+ {[%emt 0:00:02]} 5. Bd2 {[%emt 0:00:01]} c5 {[%emt 0:00:00]} 6. Nf3 {[%emt 0:00:01]} O-O {[%emt 0:00:01]} 7. O-O {[%emt 0:00:01]} Ne4 {[%emt 0:00:02]} 8. a3 {[%emt 0:00:02]} Bxd2 {[%emt 0:00:02]} 9. Nbxd2 {[%emt 0:00:00]} Nxd2 {[%emt 0:00:02]} 10. Qxd2 {[%emt 0:00:01]} Nc6 {[%emt 0:00:01]} 11. dxc5 {[%emt 0:00:01]} Qe7 {[%emt 0:00:06]} 12. b4 {[%emt 0:00:02]} e5 {[%emt 0:00:02]} 13. Rad1 {[%emt 0:00:04]} e4 {[%emt 0:00:02]} 14. Nd4 {[%emt 0:00:01]} Ne5 {[%emt 0:00:02]} 15. Nb5 {[%emt 0:00:02]} Nxc4 {[%emt 0:00:03]} 16. Qd5+ {[%emt 0:00:01]} Qf7 {[%emt 0:00:01]} 17. Nc7 {[%emt 0:00:04]} Rb8 {[%emt 0:00:02]} 18. Qxf7+ {[%emt 0:00:04]} Rxf7 {[%emt 0:00:01]} 19. a4 {[%emt 0:00:01]} Nb2 {[%emt 0:00:03]} 20. Ra1 {[%emt 0:00:03]} b6 {[%emt 0:00:06]} 21. cxb6 {[%emt 0:00:02]} Rxb6 {[%emt 0:00:02]} 22. b5 {[%emt 0:00:02]} Bb7 {[%emt 0:00:01]} 23. Ra2 {[%emt 0:00:02]} Nc4 {[%emt 0:00:02]} 24. Rc1 {[%emt 0:00:01]} Na5 {[%emt 0:00:02]} 25. Rac2 {[%emt 0:00:01]} Rd6 {[%emt 0:00:01]} 26. f3 {[%emt 0:00:01]} e3 {[%emt 0:00:02]} 27. f4 {[%emt 0:00:01]} Bxg2 {[%emt 0:00:02]} 28. Kxg2 {[%emt 0:00:00]} Rd2 {[%emt 0:00:02]} 29. Na6 {[%emt 0:00:03]} d5 {[%emt 0:00:03]} 30. Nc5 {[%emt 0:00:02]} d4 {[%emt 0:00:01]} 31. Nd3 {[%emt 0:00:01]} Nb3 {[%emt 0:00:02]} 32. Kf1 {[%emt 0:00:00]} Nxc1 {[%emt 0:00:01]} 33. Rxc1 {[%emt 0:00:01] Time} 1-0

[Event "Stay Safe Play From Home 173"]
[Site "T#646330Emanuel Laske"]
[Date "2020.05.25"]
[Round "9"]
[White "DoRuKMaNN"]
[Black "Fischer_11"]
[Result "0-1"]
[WhiteElo "1704"]
[BlackElo "1906"]
[Annotator "NA"]
[PlyCount "138"]
[EventDate "2020.05.25"]
[EventType "swiss (blitz)"]

1. d4 {[%emt 0:00:01]} e5 {[%emt 0:00:02]} 2. c4 {[%emt 0:00:00]} exd4 {[%emt 0:00:01]} 3. Qxd4 {[%emt 0:00:01]} Nc6 {[%emt 0:00:01]} 4. Qd1 {[%emt 0:00:01]} Qh4 {[%emt 0:00:00]} 5. g3 {[%emt 0:00:01]} Qxc4 {[%emt 0:00:02]} 6. Bg2 {[%emt 0:00:01]} Nf6 {[%emt 0:00:01]} 7. Nd2 {[%emt 0:00:01]} Qc5 {[%emt 0:00:01]} 8. Ngf3 {[%emt 0:00:00]} d5 {[%emt 0:00:00]} 9. O-O {[%emt 0:00:00]} Bd6 {[%emt 0:00:01]} 10. b3 {[%emt 0:00:01]} a5 {[%emt 0:00:02]} 11. Bb2 {[%emt 0:00:00]} O-O {[%emt 0:00:02]} 12. Rc1 {[%emt 0:00:01]} Qb6 {[%emt 0:00:02]} 13. e3 {[%emt 0:00:02]} Ne4 {[%emt 0:00:01]} 14. Nd4 {[%emt 0:00:01]} Nxd4 {[%emt 0:00:01]} 15. Bxd4 {[%emt 0:00:01]} c5 {[%emt 0:00:01]} 16. Bb2 {[%emt 0:00:02]} Nxd2 {[%emt 0:00:02]} 17. Qxd2 {[%emt 0:00:01]} Be6 {[%emt 0:00:00]} 18. Bxd5 {[%emt 0:00:01]} Bxd5 {[%emt 0:00:01]} 19. Qxd5 {[%emt 0:00:01]} Be7 {[%emt 0:00:02]} 20. Qf3 {[%emt 0:00:01]} Bf6 {[%emt 0:00:02]} 21. Bxf6 {[%emt 0:00:01]} gxf6 {[%emt 0:00:00]} 22. Qf5 {[%emt 0:00:01]} Rac8 {[%emt 0:00:02]} 23. Rc2 {[%emt 0:00:01]} Qe6 {[%emt 0:00:02]} 24. Qh5 {[%emt 0:00:04]} b6 {[%emt 0:00:03]} 25. Qe2 {[%emt 0:00:02]} Rcd8 {[%emt 0:00:01]} 26. Rd1 {[%emt 0:00:01]} Rfe8 {[%emt 0:00:00]} 27. Rcd2 {[%emt 0:00:02]} Rxd2 {[%emt 0:00:02]} 28. Rxd2 {[%emt 0:00:01]} Qe5 {[%emt 0:00:01]} 29. Qd1 {[%emt 0:00:01]} Re6 {[%emt 0:00:01]} 30. Rd8+ {[%emt 0:00:01]} Kg7 {[%emt 0:00:00]} 31. Qg4+ {[%emt 0:00:01]} Qg5 {[%emt 0:00:02]} 32. Qxg5+ {[%emt 0:00:01]} fxg5 {[%emt 0:00:00]} 33. Rb8 {[%emt 0:00:01]} h5 {[%emt 0:00:01]} 34. Kf1 {[%emt 0:00:01]} Kf6 {[%emt 0:00:00]} 35. Ke2 {[%emt 0:00:00]} Ke5 {[%emt 0:00:00]} 36. f3 {[%emt 0:00:01]} f5 {[%emt 0:00:02]} 37. Rd8 {[%emt 0:00:01]} g4 {[%emt 0:00:01]} 38. f4+ {[%emt 0:00:01]} Kf6 {[%emt 0:00:01]} 39. Rf8+ {[%emt 0:00:01]} Kg6 {[%emt 0:00:01]} 40. Rg8+ {[%emt 0:00:01]} Kh6 {[%emt 0:00:01]} 41. Rd8 {[%emt 0:00:00]} Rc6 {[%emt 0:00:03]} 42. Rd5 {[%emt 0:00:00]} Kg6 {[%emt 0:00:01]} 43. Kd3 {[%emt 0:00:00]} b5 {[%emt 0:00:01]} 44. Kc3 {[%emt 0:00:01]} c4 {[%emt 0:00:00]} 45. bxc4 {[%emt 0:00:01]} Rxc4+ {[%emt 0:00:00]} 46. Kd3 {[%emt 0:00:01]} Re4 {[%emt 0:00:00]} 47. Rd4 {[%emt 0:00:01]} Rxd4+ {[%emt 0:00:01]} 48. Kxd4 {[%emt 0:00:00]} Kf6 {[%emt 0:00:00]} 49. Kc5 {[%emt 0:00:00]} b4 {[%emt 0:00:00]} 50. Kb5 {[%emt 0:00:01]} Ke6 {[%emt 0:00:00]} 51. Kxa5 {[%emt 0:00:00]} Kd5 {[%emt 0:00:00]} 52. Kxb4 {[%emt 0:00:00]} Ke4 {[%emt 0:00:00]} 53. a4 {[%emt 0:00:01]} Kxe3 {[%emt 0:00:00]} 54. a5 {[%emt 0:00:00]} Kf2 {[%emt 0:00:00]} 55. a6 {[%emt 0:00:01]} Kg2 {[%emt 0:00:00]} 56. a7 {[%emt 0:00:00]} Kxh2 {[%emt 0:00:00]} 57. a8=Q {[%emt 0:00:01]} Kxg3 {[%emt 0:00:00]} 58. Qd5 {[%emt 0:00:00]} Kxf4 {[%emt 0:00:00]} 59. Qd2+ {[%emt 0:00:00]} Kg3 {[%emt 0:00:01]} 60. Qe3+ {[%emt 0:00:01]} Kh4 {[%emt 0:00:01]} 61. Qe1+ {[%emt 0:00:00]} g3 {[%emt 0:00:00]} 62. Qc3 {[%emt 0:00:02]} Kg4 {[%emt 0:00:00]} 63. Qd2 {[%emt 0:00:01]} f4 {[%emt 0:00:00]} 64. Qe1 {[%emt 0:00:02]} h4 {[%emt 0:00:00]} 65. Qg1 {[%emt 0:00:00]} h3 {[%emt 0:00:00]} 66. Qd1+ {[%emt 0:00:00]} f3 {[%emt 0:00:01]} 67. Qd7+ {[%emt 0:00:00]} Kf4 {[%emt 0:00:01]} 68. Qf7+ {[%emt 0:00:00]} Ke3 {[%emt 0:00:00]} 69. Qe6+ {[%emt 0:00:01]} Kf2 {[%emt 0:00:00] Time (Lag: Av=0.67s, max=2.8s) .} 0-1

[Event "Stay Safe Play From Home 173"]
[Site "T#646330Emanuel Laske"]
[Date "2020.05.25"]
[Round "9"]
[White "Aktürk"]
[Black "Tobo Rubirosa"]
[Result "1-0"]
[WhiteElo "1462"]
[BlackElo "1523"]
[Annotator "NA RC"]
[PlyCount "59"]
[EventDate "2020.05.25"]
[EventType "swiss (blitz)"]

1. e3 {[%emt 0:00:00]} c5 {[%emt 0:00:02]} 2. Qf3 {[%emt 0:00:01]} d5 {[%emt 0:00:01]} 3. Bd3 {[%emt 0:00:01]} e5 {[%emt 0:00:03]} 4. Qg3 {[%emt 0:00:01]} e4 {[%emt 0:00:01]} 5. Bb5+ {[%emt 0:00:01]} Bd7 {[%emt 0:00:02]} 6. Bxd7+ {[%emt 0:00:01]} Nxd7 {[%emt 0:00:01]} 7. Ne2 {[%emt 0:00:02]} Ngf6 {[%emt 0:00:01]} 8. h4 {[%emt 0:00:02]} Be7 {[%emt 0:00:02]} 9. Nbc3 {[%emt 0:00:01]} O-O {[%emt 0:00:02]} 10. Nf4 {[%emt 0:00:01]} d4 {[%emt 0:00:02]} 11. Nce2 {[%emt 0:00:02]} d3 {[%emt 0:00:02]} 12. cxd3 {[%emt 0:00:01]} exd3 {[%emt 0:00:01]} 13. Nxd3 {[%emt 0:00:00]} Re8 {[%emt 0:00:04]} 14. Ndf4 {[%emt 0:00:02]} c4 {[%emt 0:00:01]} 15. b3 {[%emt 0:00:02]} Ne5 {[%emt 0:00:04]} 16. Bb2 {[%emt 0:00:03]} Nd3+ {[%emt 0:00:04]} 17. Nxd3 {[%emt 0:00:04]} Qxd3 {[%emt 0:00:01]} 18. Nf4 {[%emt 0:00:03]} Bf8 {[%emt 0:00:02]} 19. Bxf6 {[%emt 0:00:05]} Qf5 {[%emt 0:00:07]} 20. Bc3 {[%emt 0:00:06]} Rad8 {[%emt 0:00:04]} 21. O-O {[%emt 0:00:01]} Rd3 {[%emt 0:00:02]} 22. bxc4 {[%emt 0:00:02]} Rxc3 {[%emt 0:00:01]} 23. dxc3 {[%emt 0:00:02]} Qe5 {[%emt 0:00:00]} 24. h5 {[%emt 0:00:03]} Qxc3 {[%emt 0:00:01]} 25. Rac1 {[%emt 0:00:02]} Qxc4 {[%emt 0:00:00]} 26. Rxc4 {[%emt 0:00:02]} b6 {[%emt 0:00:01]} 27. Re4 {[%emt 0:00:00]} f6 {[%emt 0:00:01]} 28. Nd5 {[%emt 0:00:01]} Kf7 {[%emt 0:00:02]} 29. Nxf6 {[%emt 0:00:01]} Rxe4 {[%emt 0:00:02]} 30. Nxh7 {[%emt 0:00:02] Tiempo} 1-0